[Event "VIE-chT"]
[Site "Ho Chi Minh City"]
[Date "2015.07.18"]
[Round "3.17"]
[White "Nguyen, Hoang Nam2222"]
[Black "Le, Minh Tu"]
[Result "1/2-1/2"]
[WhiteElo "2257"]
[BlackElo "1916"]
[PlyCount "90"]
[EventDate "2015.07.16"]
[EventType "team-swiss"]
[EventRounds "9"]
[EventCountry "VIE"]
[SourceTitle "EXT 2016"]
[Source "ChessBase"]
[SourceDate "2015.10.08"]
[SourceVersion "1"]
[SourceVersionDate "2015.10.08"]
[SourceQuality "1"]

1. e4 e6 2. d4 d5 3. Nc3 dxe4 4. Nxe4 Nd7 5. Nf3 Ngf6 6. Bg5 Be7 7. Nxf6+ Bxf6 8. h4 h6 9. Be3 b6 10. Bb5 Bb7 11. Qe2 c6 12. Bd3 Qc7 13. g3 0-0-0 14. Bf4 e5 15. dxe5 g5 16. hxg5 hxg5 17. Rxh8 Rxh8 18. exf6 gxf4 19. 0-0-0 Nxf6 20. Bf5+ Kb8 21. Qe5 Qxe5 22. Nxe5 fxg3 23. fxg3 Rg8 24. Nxf7 Nd5 25. Rd3 Ba6 26. Rf3 Be2 27. Nh6 Rh8 28. Rf2 Bh5 29. Ng4 Bxg4 30. Bxg4 Rg8 31. Be6 Rxg3 32. Rf8+ Kb7 33. Rf7+ Nc7 34. Bf5 Re3 35. Kd2 Re5 36. c4 b5 37. b3 bxc4 38. bxc4 Kb6 39. Bc8 Ne8 40. Rb7+ Kc5 41. Rxa7 Kxc4 42. Bd7 Re7 43. Ra4+ Kb5 44. Rd4 Kc5 45. Rd3 Nd6 1/2-1/2

[Event "Ho Chi Minh City HD Bank op 5th"]
[Site "Ho Chi Minh City"]
[Date "2015.03.21"]
[Round "8"]
[White "Le, Minh Tu"]
[Black "Nguyen, Truong Bao Tran"]
[Result "1/2-1/2"]
[WhiteElo "1810"]
[BlackElo "1884"]
[PlyCount "86"]
[EventDate "2015.03.17"]
[EventType "swiss"]
[EventRounds "9"]
[EventCountry "VIE"]
[SourceTitle "CBM 165 Extra"]
[Source "ChessBase"]
[SourceDate "2015.04.21"]
[SourceVersion "1"]
[SourceVersionDate "2015.04.21"]
[SourceQuality "1"]

1. d4 Nf6 2. Nf3 d6 3. Bf4 g6 4. e3 Bg7 5. Bc4 0-0 6. 0-0 Nc6 7. c3 a6 8. h3 b5 9. Be2 Bb7 10. a4 b4 11. Qb3 a5 12. Nbd2 Rb8 13. c4 e5 14. Bg5 Qc8 15. Rac1 Re8 16. d5 Ne7 17. Bxf6 Bxf6 18. e4 c5 19. dxc6 Ba6 20. Qe3 Qxc6 21. Nb3 Qxa4 22. Ra1 Qc6 23. Nxa5 Qb6 24. c5 dxc5 25. Bxa6 Qxa6 26. Nb3 Qc6 27. Nxc5 Kg7 28. Rfc1 Ra8 29. Rxa8 Rxa8 30. Qb3 Qb5 31. Qd3 Rb8 32. Qxb5 Rxb5 33. Nd3 Rb6 34. Rc5 Nc6 35. Ndxe5 Nxe5 36. Nxe5 Rd6 37. Nc4 Rd1+ 38. Kh2 Rc1 39. b3 Rc3 40. e5 Be7 41. Rc7 Kf8 42. Rc8+ Kg7 43. Rc7 Kf8 1/2-1/2

[Event "Ho Chi Minh City HD Bank op 5th"]
[Site "Ho Chi Minh City"]
[Date "2015.03.21"]
[Round "7"]
[White "Manaog, Stewart"]
[Black "Le, Minh Tu"]
[Result "1/2-1/2"]
[WhiteElo "2104"]
[BlackElo "1810"]
[PlyCount "70"]
[EventDate "2015.03.17"]
[EventType "swiss"]
[EventRounds "9"]
[EventCountry "VIE"]
[SourceTitle "CBM 165 Extra"]
[Source "ChessBase"]
[SourceDate "2015.04.21"]
[SourceVersion "1"]
[SourceVersionDate "2015.04.21"]
[SourceQuality "1"]

1. d4 d5 2. Nf3 Nf6 3. g3 c5 4. e3 Nc6 5. Bg2 Bg4 6. h3 Bh5 7. 0-0 e6 8. b3 cxd4 9. exd4 Rc8 10. Bb2 Be7 11. a3 0-0 12. Nbd2 h6 13. Re1 b5 14. Rc1 Qb6 15. Qe2 a5 16. g4 Bg6 17. Bf1 Na7 18. c3 Rc7 19. Ne5 Bh7 20. f4 Nd7 21. Ndf3 Nxe5 22. Nxe5 Rfc8 23. Qe3 Bh4 24. Red1 Nc6 25. Nf3 Be7 26. Qe2 b4 27. axb4 axb4 28. c4 Na5 29. c5 Qb8 30. Qe3 Ra7 31. Ra1 Bc2 32. Rdc1 Bxb3 33. Rxa5 Rxa5 34. Qxb3 Qxf4 35. Bg2 Qg3 1/2-1/2

[Event "Ho Chi Minh City HD Bank op 5th"]
[Site "Ho Chi Minh City"]
[Date "2015.03.19"]
[Round "4"]
[White "Zhou, Guijue"]
[Black "Le, Minh Tu"]
[Result "1/2-1/2"]
[WhiteElo "2175"]
[BlackElo "1810"]
[PlyCount "178"]
[EventDate "2015.03.17"]
[EventType "swiss"]
[EventRounds "9"]
[EventCountry "VIE"]
[SourceTitle "CBM 165 Extra"]
[Source "ChessBase"]
[SourceDate "2015.04.21"]
[SourceVersion "1"]
[SourceVersionDate "2015.04.21"]
[SourceQuality "1"]

1. e4 c5 2. Nf3 d6 3. c3 Nf6 4. h3 Nc6 5. Bd3 g6 6. Bc2 Bg7 7. 0-0 0-0 8. d4 cxd4 9. cxd4 Nb4 10. Bb3 b6 11. a3 Nc6 12. Nc3 Bb7 13. Be3 Na5 14. Nd2 Rc8 15. f4 Nxb3 16. Qxb3 Qc7 17. Rae1 Qb8 18. f5 Qa8 19. fxg6 hxg6 20. Bg5 Rce8 21. Nb5 Qb8 22. e5 Bd5 23. Qe3 dxe5 24. dxe5 Nd7 25. Nc3 Be6 26. Nf3 Bc4 27. Rf2 Nc5 28. Rd2 Qb7 29. Rd4 b5 30. Rxc4 bxc4 31. Qxc5 Rc8 32. Qxe7 Qxb2 33. Re3 Rfe8 34. Qxa7 Ra8 35. Qd4 Qxa3 36. Nd5 Qa1+ 37. Qxa1 Rxa1+ 38. Kh2 Kf8 39. Nf6 Rc8 40. Rc3 Rd1 41. Nd2 Bxf6 42. exf6 Ke8 43. Nxc4 Kd8 44. Ne3 Rxc3 45. Nxd1 Rc5 46. h4 Kd7 47. Ne3 Ke6 48. Kg3 Rb5 49. Kf3 Rc5 50. g3 Rb5 51. Ng2 Rb3+ 52. Kg4 Ke5 53. Nf4 Rb4 54. Kh3 Rb7 55. Kg4 Rb4 56. h5 gxh5+ 57. Kxh5 Rb7 58. Kh6 Rd7 59. g4 Ke4 60. Nh3 Kf3 61. Kh5 Kg3 62. Ng1 Kf2 63. Nh3+ Kg3 64. Nf4 Rd1 65. Ne2+ Kf3 66. Nc3 Rd3 67. Nb5 Rd5 68. Nc7 Rd4 69. Ne6 Rd1 70. Ng7 Ke4 71. Nf5 Ke5 72. Nh6 Ke6 73. Bh4 Rb1 74. g5 Rb5 75. Be1 Rb1 76. Bh4 Rb5 77. Nxf7 Kxf7 78. Kh6 Kg8 79. g6 Rf5 80. Bg5 Rf1 81. Kh5 Rh1+ 82. Kg4 Rf1 83. Bf4 Kf8 84. Kf5 Rf2 85. Ke5 Re2+ 86. Kd5 Rf2 87. Be5 Rf1 88. Ke6 Rf2 89. f7 Rf6+ 1/2-1/2